The extent of a pipe easement (Record no. 20778)

MARC details
000 -LEADER
fixed length control field 01251cab a2200205 4500
001 - CONTROL NUMBER
control field ABS41545
008 - FIXED-LENGTH DATA ELEMENTS--GENERAL INFORMATION
fixed length control field 090401t1989 xxu||||| |||| 00| 0 eng d
035 ## - SYSTEM CONTROL NUMBER
System control number (Sirsi) u30845
041 ## - LANGUAGE CODE
Language code of text/sound track or separate title eng
100 ## - MAIN ENTRY--PERSONAL NAME
Personal name Wilkinson, H. W.
245 #4 - TITLE STATEMENT
Title The extent of a pipe easement
260 ## - PUBLICATION, DISTRIBUTION, ETC.
Date of publication, distribution, etc. 1989
350 ## - PRICE (NR) (BK AM CF MU VM SE) [OBSOLETE]
Price 0
490 ## - SERIES STATEMENT
Series statement New Law Journal
Volume/sequential designation 139(6427) 13 October 1989, 1384-1380(3)
520 ## - SUMMARY, ETC.
Summary, etc. Discusses the recent case of Coopind (UK) Ltd v Walton Commercial Group Ltd (1989 1 EGLR 241) which involved a lease granting the lessee `the right to receive a supply of gas `. The question arose as to how much gas and by what route. A main existed but the lessee required another due to their need for a large supply of gas at an adequate pressure to maintain their manufacturing process. This was laid. However due to an increase in their business a third was needed running down two main roads of the industrial estate. The lessors refused. It was held in favour of the lessees on the grounds that they were entitled to receive an adequate gas supply for their business if it followed routes over which they directly had right of way .
650 ## - SUBJECT ADDED ENTRY--TOPICAL TERM
Topical term or geographic name entry element GAS MAINS
690 ## - LOCAL SUBJECT ADDED ENTRY--TOPICAL TERM (OCLC, RLIN)
Topical term or geographic name as entry element HIGHWAYS RIGHTS OF WAY AND EASEMENTS
942 ## - ADDED ENTRY ELEMENTS (KOHA)
Suppress in OPAC 0
948 ## - LOCAL PROCESSING INFORMATION (OCLC); SERIES PART DESIGNATOR (RLIN)
c (OCLC) 04/03/1997
Holdings
Withdrawn status Lost status Source of classification or shelving scheme Damaged status Not for loan Home library Current library Shelving location Date acquired Total Checkouts Full call number Barcode Date last seen Copy number Price effective from Koha item type
    Dewey Decimal Classification     London London Journal article 14/09/1999   ABS41545 30845-1001 06/08/2019 1 06/08/2019 Journal article